[Event "Ïåðâåíñòâî Ìîñêâû ïî øàõìàòàì 2015 ñðåäè ìàëü÷èêîâ (Ì19)"]
[Site "Moscow"]
[Date "2015.11.16"]
[Round "5.3"]
[White "Êîâàëåâ, Åãîð"]
[Black "Òàðàñîâ, Àëåêñàíäð"]
[Result "0-1"]
[WhiteElo "2144"]
[BlackElo "2286"]
[PlyCount "0"]
[EventDate "2015.11.12"]

1. Nf3 {[%clk 1:30:17]} Nf6 {[%clk 1:30:53]} 2. d4 {[%clk 1:26:44]} e6
{[%clk 1:30:35]} 3. g3 {[%clk 1:26:35]} c5 {[%clk 1:30:24]} 4. Bg2
{[%clk 1:26:05]} cxd4 {[%clk 1:30:48]} 5. Nxd4 {[%clk 1:26:27]} d5
{[%clk 1:31:10]} 6. O-O {[%clk 1:26:31]} e5 {[%clk 1:25:23]} 7. Nb3
{[%clk 1:25:58]} Be6 {[%clk 1:21:45]} 8. Nc3 {[%clk 1:04:12]} Be7
{[%clk 1:05:42]} 9. Bg5 {[%clk 0:48:14]} Nbd7 {[%clk 1:04:34]} 10. Qd3
{[%clk 0:48:36]} O-O {[%clk 0:57:44]} 11. Rad1 {[%clk 0:46:43]} d4
{[%clk 0:52:50]} 12. Bxf6 {[%clk 0:46:59]} Nxf6 {[%clk 0:48:42]} 13. Ne4
{[%clk 0:47:06]} Qc7 {[%clk 0:46:42]} 14. Nxf6+ {[%clk 0:42:57]} Bxf6
{[%clk 0:45:05]} 15. Be4 {[%clk 0:43:18]} h6 {[%clk 0:40:12]} 16. Qf3
{[%clk 0:42:59]} Rad8 {[%clk 0:34:59]} 17. e3 {[%clk 0:31:18]} dxe3
{[%clk 0:26:45]} 18. Qxe3 {[%clk 0:31:32]} b6 {[%clk 0:26:26]} 19. h4
{[%clk 0:31:46]} Be7 {[%clk 0:25:28]} 20. Rxd8 {[%clk 0:28:39]} Rxd8
{[%clk 0:25:21]} 21. Qf3 {[%clk 0:26:33]} Qd7 {[%clk 0:23:24]} 22. Bc6
{[%clk 0:18:54]} Qc8 {[%clk 0:23:18]} 23. Nc1 {[%clk 0:14:54]} f5
{[%clk 0:19:10]} 24. Ba4 {[%clk 0:15:14]} e4 {[%clk 0:19:16]} 25. Qe2
{[%clk 0:14:48]} Bf6 {[%clk 0:17:25]} 26. c3 {[%clk 0:14:08]} Kh7
{[%clk 0:16:01]} 27. Bb3 {[%clk 0:12:58]} Bxb3 {[%clk 0:15:45]} 28. Nxb3
{[%clk 0:11:57]} Qd7 {[%clk 0:15:50]} 29. Re1 {[%clk 0:09:14]} a5
{[%clk 0:12:38]} 30. Nc1 {[%clk 0:07:59]} Qd2 {[%clk 0:08:43]} 31. Kg2
{[%clk 0:07:31]} b5 {[%clk 0:06:27]} 32. Qxd2 {[%clk 0:06:57]} Rxd2
{[%clk 0:06:56]} 33. Re2 {[%clk 0:07:21]} Rd1 {[%clk 0:05:23]} 34. Rc2
{[%clk 0:04:50]} g5 {[%clk 0:04:30]} 35. hxg5 {[%clk 0:05:10]} hxg5
{[%clk 0:04:50]} 36. Nb3 {[%clk 0:02:42]} f4 {[%clk 0:02:01]} 37. gxf4
{[%clk 0:02:34]} gxf4 {[%clk 0:02:31]} 38. Rd2 {[%clk 0:01:55]} Re1
{[%clk 0:02:57]} 39. Nxa5 {[%clk 0:01:27]} f3+ {[%clk 0:01:56]} 40. Kg3
{[%clk 0:00:56]} Be5+ {[%clk 0:01:59]} 41. Kg4 {[%clk 0:01:13]} Kg6
{[%clk 0:02:26]} 42. Nc6 {[%clk 0:00:48]} Rg1+ {[%clk 0:02:51]} 43. Kh3
{[%clk 0:00:49]} Bf4 {[%clk 0:02:33]} 44. Rd5 {[%clk 0:00:44]} e3
{[%clk 0:01:54]} 45. Ne7+ {[%clk 0:00:33]} Kf6 {[%clk 0:01:29]} 46. fxe3
{[%clk 0:00:32]} f2 {[%clk 0:01:35]} 0-1

[Event "Ïåðâåíñòâî Ìîñêâû ïî øàõìàòàì 2015 ñðåäè ìàëü÷èêîâ (Ì19)"]
[Site "Moscow"]
[Date "2015.11.16"]
[Round "5.4"]
[White "Ïàÿíèäè, ßíèñ"]
[Black "Êðàñèêîâ, Âëàäèñëàâ"]
[Result "0-1"]
[WhiteElo "2178"]
[BlackElo "2113"]
[PlyCount "0"]
[EventDate "2015.11.12"]

1. e4 {[%clk 1:30:57]} c5 {[%clk 1:24:38]} 2. Nf3 {[%clk 1:30:58]} d6
{[%clk 1:25:04]} 3. d4 {[%clk 1:30:50]} cxd4 {[%clk 1:25:29]} 4. Nxd4
{[%clk 1:31:17]} Nf6 {[%clk 1:25:55]} 5. Nc3 {[%clk 1:31:37]} a6 {[%clk 1:26:21]}
6. f3 {[%clk 1:28:13]} e5 {[%clk 1:25:41]} 7. Nb3 {[%clk 1:28:39]} Be6
{[%clk 1:26:06]} 8. Be3 {[%clk 1:28:10]} h5 {[%clk 1:26:30]} 9. Qd2
{[%clk 1:28:11]} Nbd7 {[%clk 1:26:55]} 10. O-O-O {[%clk 1:27:45]} Rc8
{[%clk 1:27:18]} 11. Qf2 {[%clk 1:08:15]} Rxc3 {[%clk 1:19:04]} 12. bxc3
{[%clk 1:08:42]} d5 {[%clk 1:19:28]} 13. Bd3 {[%clk 1:01:29]} Ba3+
{[%clk 1:19:37]} 14. Kb1 {[%clk 1:01:21]} Qc7 {[%clk 1:14:22]} 15. Bc1
{[%clk 0:55:58]} Be7 {[%clk 1:03:41]} 16. Bb2 {[%clk 0:54:23]} Nb6
{[%clk 0:59:58]} 17. exd5 {[%clk 0:54:17]} Nfxd5 {[%clk 0:54:39]} 18. Be4
{[%clk 0:44:11]} a5 {[%clk 0:47:53]} 19. c4 {[%clk 0:28:01]} Qxc4
{[%clk 0:33:44]} 20. Qf1 {[%clk 0:28:30]} Qxf1 {[%clk 0:27:59]} 21. Rdxf1
{[%clk 0:28:50]} a4 {[%clk 0:27:31]} 22. Bxd5 {[%clk 0:25:59]} Bxd5
{[%clk 0:23:53]} 23. Nd2 {[%clk 0:25:54]} f6 {[%clk 0:22:13]} 24. a3
{[%clk 0:25:46]} Kf7 {[%clk 0:21:48]} 25. Rd1 {[%clk 0:25:30]} Rc8
{[%clk 0:21:29]} 26. Rhe1 {[%clk 0:25:12]} Be6 {[%clk 0:19:56]} 27. Re2
{[%clk 0:13:31]} Rc6 {[%clk 0:19:06]} 28. g3 {[%clk 0:08:57]} Bf5
{[%clk 0:18:30]} 29. Rc1 {[%clk 0:09:03]} Rc5 {[%clk 0:14:17]} 30. Ne4
{[%clk 0:04:18]} Rb5 {[%clk 0:14:07]} 31. c4 {[%clk 0:03:51]} Rb3
{[%clk 0:13:41]} 32. c5 {[%clk 0:03:15]} Nd7 {[%clk 0:13:06]} 33. Rc3
{[%clk 0:02:59]} Rxc3 {[%clk 0:09:58]} 34. Bxc3 {[%clk 0:03:26]} Nxc5
{[%clk 0:09:25]} 35. Bb4 {[%clk 0:03:29]} Ne6 {[%clk 0:08:22]} 36. Rb2
{[%clk 0:02:53]} Ng5 {[%clk 0:06:36]} 37. Bxe7 {[%clk 0:03:20]} Nxf3
{[%clk 0:06:35]} 38. Kc1 {[%clk 0:02:41]} Bxe4 {[%clk 0:06:54]} 39. Bc5
{[%clk 0:03:01]} Ke6 {[%clk 0:06:17]} 40. Be3 {[%clk 0:02:53]} Bc6
{[%clk 0:06:15]} 41. h3 {[%clk 0:02:41]} e4 {[%clk 0:05:46]} 42. Kd1
{[%clk 0:02:13]} Ne5 {[%clk 0:05:42]} 43. Rc2 {[%clk 0:01:47]} Nd3
{[%clk 0:05:39]} 44. Kd2 {[%clk 0:02:03]} g5 {[%clk 0:05:13]} 45. Kc3
{[%clk 0:01:48]} Kf5 {[%clk 0:03:46]} 46. Kd4 {[%clk 0:01:39]} Kg6
{[%clk 0:03:38]} 47. Rc3 {[%clk 0:01:41]} Ne5 {[%clk 0:03:09]} 48. Bd2
{[%clk 0:01:45]} Nf3+ {[%clk 0:02:53]} 49. Rxf3 {[%clk 0:01:03]} exf3
{[%clk 0:03:22]} 50. Ke3 {[%clk 0:01:24]} h4 {[%clk 0:02:33]} 51. gxh4
{[%clk 0:01:13]} gxh4 {[%clk 0:03:02]} 52. Kf2 {[%clk 0:01:25]} Bd7
{[%clk 0:01:51]} 53. Kxf3 {[%clk 0:01:50]} Bxh3 {[%clk 0:02:20]} 54. Kf4
{[%clk 0:02:05]} Bd7 {[%clk 0:02:25]} 55. Bb4 {[%clk 0:02:20]} h3
{[%clk 0:02:43]} 56. Kg3 {[%clk 0:02:45]} Kf7 {[%clk 0:02:31]} 57. Bc5
{[%clk 0:03:04]} Bf5 {[%clk 0:02:49]} 58. Bd4 {[%clk 0:03:09]} Ke6
{[%clk 0:03:13]} 59. Bc3 {[%clk 0:03:30]} Bg4 {[%clk 0:03:12]} 60. Bd2
{[%clk 0:02:52]} f5 {[%clk 0:03:37]} 61. Bf4 {[%clk 0:03:16]} Kd5
{[%clk 0:04:03]} 62. Be3 {[%clk 0:03:12]} Ke4 {[%clk 0:04:29]} 63. Bg1
{[%clk 0:03:09]} b5 {[%clk 0:04:43]} 64. Bc5 {[%clk 0:03:02]} f4+
{[%clk 0:05:02]} 65. Kf2 {[%clk 0:03:16]} Bd7 {[%clk 0:04:39]} 66. Bd6
{[%clk 0:03:13]} Bc6 {[%clk 0:04:47]} 67. Kg1 {[%clk 0:01:51]} Kf3
{[%clk 0:05:03]} 68. Kh2 {[%clk 0:02:02]} Kg4 {[%clk 0:05:11]} 69. Bc5
{[%clk 0:01:33]} f3 {[%clk 0:05:33]} 70. Kg1 {[%clk 0:01:42]} b4 {[%clk 0:05:06]}
71. axb4 {[%clk 0:00:41]} a3 {[%clk 0:05:26]} 72. b5 {[%clk 0:01:07]} a2
{[%clk 0:05:52]} 73. Bd4 {[%clk 0:01:33]} Bxb5 {[%clk 0:06:02]} 74. Ba1
{[%clk 0:01:30]} Bc6 {[%clk 0:06:26]} 0-1

[Event "Ïåðâåíñòâî Ìîñêâû ïî øàõìàòàì 2015 ñðåäè ìàëü÷èêîâ (Ì19)"]
[Site "Moscow"]
[Date "2015.11.16"]
[Round "5.5"]
[White "Ìèõàéëîâñêèé, Âëàäèìèð"]
[Black "Òèòîâ, Åâãåíèé"]
[Result "1-0"]
[WhiteElo "2126"]
[BlackElo "2057"]
[PlyCount "0"]
[EventDate "2015.11.12"]

1. g3 {[%clk 1:31:00]} Nf6 {[%clk 1:29:10]} 2. Bg2 {[%clk 1:31:23]} e6
{[%clk 1:29:28]} 3. Nf3 {[%clk 1:31:48]} b6 {[%clk 1:29:30]} 4. Ne5
{[%clk 1:32:11]} d5 {[%clk 1:29:23]} 5. d4 {[%clk 1:32:31]} Nfd7 {[%clk 1:22:05]}
6. Nd3 {[%clk 1:28:55]} Bb7 {[%clk 1:15:41]} 7. O-O {[%clk 1:28:53]} Bd6
{[%clk 1:12:50]} 8. c4 {[%clk 1:25:37]} O-O {[%clk 1:12:22]} 9. Nc3
{[%clk 1:24:44]} c6 {[%clk 1:12:02]} 10. b3 {[%clk 1:17:31]} Qe7 {[%clk 1:12:20]}
11. cxd5 {[%clk 1:04:44]} exd5 {[%clk 1:11:01]} 12. e4 {[%clk 1:04:47]} dxe4
{[%clk 1:07:03]} 13. Nxe4 {[%clk 1:03:29]} Bc7 {[%clk 0:57:56]} 14. Re1
{[%clk 1:03:17]} Qd8 {[%clk 0:52:34]} 15. Ba3 {[%clk 0:55:06]} Re8
{[%clk 0:52:51]} 16. Qh5 {[%clk 0:55:17]} h6 {[%clk 0:45:26]} 17. Re2
{[%clk 0:46:17]} Ba6 {[%clk 0:38:51]} 18. Rd1 {[%clk 0:41:21]} Nf8
{[%clk 0:37:37]} 19. Red2 {[%clk 0:36:08]} Nbd7 {[%clk 0:24:42]} 20. Ne5
{[%clk 0:35:05]} g6 {[%clk 0:15:44]} 21. Qxh6 {[%clk 0:34:18]} Re6
{[%clk 0:13:10]} 22. Ng5 {[%clk 0:33:16]} Nxe5 {[%clk 0:09:24]} 23. dxe5
{[%clk 0:30:12]} Qe8 {[%clk 0:09:25]} 24. Bxf8 {[%clk 0:30:32]} Bxe5
{[%clk 0:09:36]} 25. Rd8 {[%clk 0:29:51]} 1-0

[Event "Ïåðâåíñòâî Ìîñêâû ïî øàõìàòàì 2015 ñðåäè ìàëü÷èêîâ (Ì19)"]
[Site "Moscow"]
[Date "2015.11.16"]
[Round "5.6"]
[White "Âèõàðåâ, Àëåêñåé"]
[Black "Ìàòþíèí, Âëàäèñëàâ"]
[Result "1/2-1/2"]
[WhiteElo "2055"]
[BlackElo "2062"]
[PlyCount "0"]
[EventDate "2015.11.12"]

1. e4 {[%clk 1:30:56]} c5 {[%clk 1:30:56]} 2. c3 {[%clk 1:31:11]} e6
{[%clk 1:30:05]} 3. d4 {[%clk 1:31:29]} d5 {[%clk 1:29:24]} 4. exd5
{[%clk 1:31:57]} exd5 {[%clk 1:29:40]} 5. Be3 {[%clk 1:32:11]} cxd4
{[%clk 1:28:05]} 6. Bxd4 {[%clk 1:31:30]} Nc6 {[%clk 1:27:26]} 7. Bb5
{[%clk 1:31:58]} Bd7 {[%clk 1:27:43]} 8. Nf3 {[%clk 1:31:12]} Nxd4
{[%clk 1:23:26]} 9. Bxd7+ {[%clk 1:30:21]} Qxd7 {[%clk 1:23:15]} 10. Nxd4
{[%clk 1:30:40]} Bd6 {[%clk 1:23:20]} 11. O-O {[%clk 1:30:13]} Ne7
{[%clk 1:23:43]} 12. Qd3 {[%clk 1:28:12]} Rd8 {[%clk 1:21:54]} 13. Nd2
{[%clk 1:27:23]} O-O {[%clk 1:21:34]} 14. N2f3 {[%clk 1:27:37]} h6
{[%clk 1:19:54]} 15. Nh4 {[%clk 1:24:10]} Bb8 {[%clk 1:17:39]} 16. Rfe1
{[%clk 1:23:40]} Qd6 {[%clk 1:11:40]} 17. g3 {[%clk 1:23:37]} Nc6
{[%clk 1:11:56]} 18. Nhf5 {[%clk 1:21:29]} Qf6 {[%clk 1:10:30]} 19. Re2
{[%clk 1:19:38]} Ne5 {[%clk 1:06:01]} 20. Qb5 {[%clk 1:12:07]} Nf3+
{[%clk 1:00:18]} 21. Nxf3 {[%clk 1:12:15]} Qxf5 {[%clk 1:00:45]} 22. Nd4
{[%clk 1:12:44]} Qd7 {[%clk 1:00:59]} 23. Qxd7 {[%clk 1:11:06]} Rxd7
{[%clk 1:01:22]} 24. Rae1 {[%clk 1:11:34]} Bd6 {[%clk 1:00:21]} 25. Kg2
{[%clk 1:11:40]} Bc5 {[%clk 0:59:57]} 26. Rd1 {[%clk 1:11:23]} Rfd8
{[%clk 1:00:14]} 27. Red2 {[%clk 1:11:44]} Kf8 {[%clk 0:59:04]} 28. Nb3
{[%clk 1:12:08]} b6 {[%clk 0:58:47]} 29. Nd4 {[%clk 1:11:51]} Bxd4
{[%clk 0:59:11]} 30. Rxd4 {[%clk 1:12:20]} Ke7 {[%clk 0:59:28]} 31. Kf3
{[%clk 1:12:34]} Rd6 {[%clk 0:59:13]} 32. R1d2 {[%clk 1:12:29]} R8d7
{[%clk 0:59:34]} 33. Kg2 {[%clk 1:12:37]} Rd8 {[%clk 0:59:10]} 34. f4
{[%clk 1:13:02]} h5 {[%clk 0:56:32]} 35. Kf3 {[%clk 1:11:47]} R8d7
{[%clk 0:56:54]} 36. Rd1 {[%clk 1:11:31]} Rd8 {[%clk 0:56:50]} 37. h3
{[%clk 1:11:54]} R8d7 {[%clk 0:56:46]} 38. R1d2 {[%clk 1:12:01]} Rd8
{[%clk 0:57:04]} 39. Re2+ {[%clk 1:12:28]} Re6 {[%clk 0:56:35]} 40. Red2
{[%clk 1:12:53]} Red6 1/2-1/2

[Event "Ïåðâåíñòâî Ìîñêâû ïî øàõìàòàì 2015 ñðåäè ìàëü÷èêîâ (Ì19)"]
[Site "Moscow"]
[Date "2015.11.16"]
[Round "5.7"]
[White "Ãðèãîðüÿíö, Îëåã"]
[Black "Ñåëèâåðñòîâ, Âëàäèñëàâ"]
[Result "0-1"]
[WhiteElo "1741"]
[BlackElo "1954"]
[PlyCount "0"]
[EventDate "2015.11.12"]

1. d4 {[%clk 1:30:52]} Nf6 {[%clk 1:30:53]} 2. c4 {[%clk 1:30:33]} e5
{[%clk 1:31:20]} 3. e3 {[%clk 1:30:32]} exd4 {[%clk 1:31:29]} 4. exd4
{[%clk 1:30:59]} d5 {[%clk 1:31:11]} 5. cxd5 {[%clk 1:30:44]} Nxd5
{[%clk 1:31:11]} 6. Bc4 {[%clk 1:30:25]} Bb4+ {[%clk 1:29:26]} 7. Bd2
{[%clk 1:30:33]} O-O {[%clk 1:29:34]} 8. Bxb4 {[%clk 1:28:11]} Nxb4
{[%clk 1:29:44]} 9. Nc3 {[%clk 1:27:31]} Bf5 {[%clk 1:27:37]} 10. Rc1
{[%clk 1:24:40]} Qg5 {[%clk 1:20:43]} 11. Kf1 {[%clk 1:21:29]} Nd3
{[%clk 1:06:29]} 12. Bxd3 {[%clk 1:20:26]} Bxd3+ {[%clk 1:06:51]} 13. Nge2
{[%clk 1:18:11]} Bxe2+ {[%clk 1:07:03]} 14. Nxe2 {[%clk 1:18:37]} c6
{[%clk 1:07:14]} 15. h4 {[%clk 1:18:19]} Qb5 {[%clk 1:07:26]} 16. Qd2
{[%clk 1:17:42]} Nd7 {[%clk 1:07:19]} 17. b3 {[%clk 1:16:33]} Rad8
{[%clk 1:07:15]} 18. Rh3 {[%clk 1:13:39]} Nf6 {[%clk 1:07:39]} 19. f3
{[%clk 1:11:14]} Rfe8 {[%clk 1:04:54]} 20. Kf2 {[%clk 1:11:04]} Qf5
{[%clk 1:02:53]} 21. Kg1 {[%clk 1:10:47]} Qe5 {[%clk 0:58:03]} 22. Rc2
{[%clk 1:01:36]} Qe3+ {[%clk 0:56:52]} 23. Qxe3 {[%clk 1:02:01]} Rxe3
{[%clk 0:57:12]} 24. Kf2 {[%clk 1:02:07]} Nd5 {[%clk 0:57:30]} 25. Rh1
{[%clk 1:00:30]} Re6 {[%clk 0:56:18]} 26. g4 {[%clk 0:58:38]} Red6
{[%clk 0:56:37]} 27. a3 {[%clk 0:58:35]} Nc7 {[%clk 0:56:17]} 28. a4
{[%clk 0:57:32]} Ne6 {[%clk 0:56:32]} 29. Rd1 {[%clk 0:53:50]} c5
{[%clk 0:56:04]} 30. d5 {[%clk 0:54:16]} Rxd5 {[%clk 0:55:56]} 31. Rxd5
{[%clk 0:54:45]} Rxd5 {[%clk 0:56:08]} 32. Nc3 {[%clk 0:52:33]} Rd3
{[%clk 0:55:33]} 33. Ne2 {[%clk 0:47:44]} Rxb3 {[%clk 0:55:12]} 34. f4
{[%clk 0:48:11]} b6 {[%clk 0:50:48]} 35. f5 {[%clk 0:48:37]} Nf8 {[%clk 0:49:10]}
36. Nf4 {[%clk 0:48:16]} f6 {[%clk 0:46:51]} 37. Re2 {[%clk 0:45:45]} Rb4
{[%clk 0:46:05]} 38. Kf3 {[%clk 0:45:38]} Rxa4 {[%clk 0:45:13]} 39. Re7
{[%clk 0:42:34]} Rd4 {[%clk 0:35:20]} 40. Ne6 {[%clk 0:38:37]} Nxe6
{[%clk 0:32:15]} 41. fxe6 {[%clk 0:39:03]} Rd8 {[%clk 0:32:31]} 42. Ke4
{[%clk 0:39:04]} Rc8 {[%clk 0:20:35]} 43. Kd5 {[%clk 0:39:16]} c4
{[%clk 0:17:54]} 44. Kd6 {[%clk 0:39:35]} c3 {[%clk 0:18:21]} 45. Rd7
{[%clk 0:38:37]} c2 {[%clk 0:18:10]} 46. e7 {[%clk 0:38:41]} Kf7 {[%clk 0:17:28]}
47. Rd8 {[%clk 0:38:56]} Rc6+ {[%clk 0:17:33]} 48. Kd7 {[%clk 0:39:25]} Rc7+
{[%clk 0:17:38]} 49. Kxc7 {[%clk 0:37:44]} c1=Q+ {[%clk 0:17:53]} 50. Kd7
{[%clk 0:38:02]} Qd2+ {[%clk 0:18:05]} 51. Kc8 {[%clk 0:38:14]} Qe2
{[%clk 0:18:14]} 52. Kd7 {[%clk 0:38:24]} 0-1

[Event "Ïåðâåíñòâî Ìîñêâû ïî øàõìàòàì 2015 ñðåäè ìàëü÷èêîâ (Ì19)"]
[Site "Moscow"]
[Date "2015.11.16"]
[Round "5.8"]
[White "Ìàòþíèí, Ìàêñèì"]
[Black "Ãàëÿåâ, Èâàí"]
[Result "0-1"]
[WhiteElo "2136"]
[BlackElo "1976"]
[PlyCount "0"]
[EventDate "2015.11.12"]

1. d4 {[%clk 1:29:21]} d5 {[%clk 1:30:50]} 2. Nf3 {[%clk 1:29:29]} Nf6
{[%clk 1:30:38]} 3. c4 {[%clk 1:29:48]} dxc4 {[%clk 1:30:34]} 4. Nc3
{[%clk 1:30:06]} c6 {[%clk 1:30:50]} 5. a4 {[%clk 1:27:55]} Bf5 {[%clk 1:30:27]}
6. e3 {[%clk 1:26:23]} e6 {[%clk 1:30:50]} 7. Bxc4 {[%clk 1:26:40]} Bb4
{[%clk 1:31:16]} 8. O-O {[%clk 1:26:57]} O-O {[%clk 1:31:29]} 9. Qe2
{[%clk 1:23:19]} Bg4 {[%clk 1:31:37]} 10. h3 {[%clk 1:16:40]} Bxf3
{[%clk 1:31:55]} 11. Qxf3 {[%clk 1:17:03]} Nbd7 {[%clk 1:32:07]} 12. Bd3
{[%clk 1:14:11]} e5 {[%clk 1:32:20]} 13. Ne4 {[%clk 1:13:30]} Nd5
{[%clk 1:24:59]} 14. Ng3 {[%clk 1:03:39]} g6 {[%clk 1:08:29]} 15. e4
{[%clk 1:01:49]} Nc7 {[%clk 1:07:51]} 16. Bh6 {[%clk 0:58:14]} Re8
{[%clk 1:07:33]} 17. Bc4 {[%clk 0:53:13]} Ne6 {[%clk 1:02:39]} 18. Rad1
{[%clk 0:44:50]} exd4 {[%clk 1:01:18]} 19. Bxe6 {[%clk 0:41:09]} Rxe6
{[%clk 1:00:22]} 20. Rxd4 {[%clk 0:41:11]} Bc5 {[%clk 0:57:21]} 21. Rd2
{[%clk 0:41:13]} Qe7 {[%clk 0:51:53]} 22. Rfd1 {[%clk 0:40:35]} Ne5
{[%clk 0:50:57]} 23. Qf4 {[%clk 0:33:54]} Bb6 {[%clk 0:44:06]} 24. h4
{[%clk 0:26:00]} Qf6 {[%clk 0:37:56]} 25. Qxf6 {[%clk 0:25:36]} Rxf6
{[%clk 0:38:20]} 26. Bg5 {[%clk 0:25:40]} Re6 {[%clk 0:37:51]} 27. b4
{[%clk 0:24:44]} Ng4 {[%clk 0:28:08]} 28. a5 {[%clk 0:25:00]} Bc7
{[%clk 0:28:28]} 29. Nf1 {[%clk 0:23:37]} f6 {[%clk 0:24:08]} 30. Rd7
{[%clk 0:23:09]} Rc8 {[%clk 0:24:15]} 31. Bc1 {[%clk 0:23:31]} b6
{[%clk 0:23:53]} 32. a6 {[%clk 0:22:32]} b5 {[%clk 0:23:05]} 33. Ne3
{[%clk 0:21:41]} Ne5 {[%clk 0:23:22]} 34. R7d2 {[%clk 0:21:48]} Bb6
{[%clk 0:23:39]} 35. Rc2 {[%clk 0:21:46]} Rce8 {[%clk 0:22:32]} 36. Kf1
{[%clk 0:21:44]} h5 {[%clk 0:21:37]} 37. f3 {[%clk 0:21:20]} Kf7 {[%clk 0:21:23]}
38. Ke2 {[%clk 0:19:24]} R8e7 {[%clk 0:19:39]} 39. Bb2 {[%clk 0:18:34]} Bxe3
{[%clk 0:19:28]} 40. Kxe3 {[%clk 0:19:00]} Nc4+ {[%clk 0:19:52]} 41. Kf4
{[%clk 0:19:20]} c5 {[%clk 0:19:51]} 42. bxc5 {[%clk 0:19:15]} Rxa6
{[%clk 0:20:11]} 43. Bc3 {[%clk 0:19:42]} Rc6 {[%clk 0:20:20]} 44. Ra2
{[%clk 0:19:31]} a6 {[%clk 0:15:56]} 45. Ba5 {[%clk 0:16:11]} Rb7
{[%clk 0:15:24]} 46. Rd8 {[%clk 0:16:13]} b4 {[%clk 0:14:51]} 47. Bb6
{[%clk 0:14:26]} b3 {[%clk 0:14:31]} 48. Rxa6 {[%clk 0:13:34]} b2
{[%clk 0:14:43]} 49. Rd1 {[%clk 0:13:52]} Nxb6 {[%clk 0:11:55]} 50. Rxb6
{[%clk 0:14:09]} Rbxb6 {[%clk 0:12:08]} 51. cxb6 {[%clk 0:14:37]} Rc1
{[%clk 0:12:27]} 52. b7 {[%clk 0:14:48]} b1=Q {[%clk 0:12:50]} 0-1

[Event "Ïåðâåíñòâî Ìîñêâû ïî øàõìàòàì 2015 ñðåäè ìàëü÷èêîâ (Ì19)"]
[Site "Moscow"]
[Date "2015.11.16"]
[Round "5.9"]
[White "Õðèïà÷, Ãåîðãèé"]
[Black "Ïîñèöåëüñêèé, Äìèòðèé"]
[Result "0-1"]
[WhiteElo "1715"]
[BlackElo "1747"]
[PlyCount "0"]
[EventDate "2015.11.12"]

1. b3 {[%clk 1:28:45]} b6 {[%clk 1:30:53]} 2. Bb2 {[%clk 1:28:37]} Bb7
{[%clk 1:31:15]} 3. Nf3 {[%clk 1:28:46]} e6 {[%clk 1:31:29]} 4. c4
{[%clk 1:28:12]} Nf6 {[%clk 1:31:45]} 5. e3 {[%clk 1:27:03]} Be7 {[%clk 1:31:23]}
6. Be2 {[%clk 1:25:09]} O-O {[%clk 1:31:39]} 7. O-O {[%clk 1:25:35]} c5
{[%clk 1:28:30]} 8. Nc3 {[%clk 1:24:22]} d6 {[%clk 1:25:41]} 9. Rc1
{[%clk 1:17:36]} Nbd7 {[%clk 1:25:34]} 10. d3 {[%clk 1:11:58]} Rc8
{[%clk 1:24:54]} 11. Nd2 {[%clk 1:06:23]} Qc7 {[%clk 1:24:39]} 12. f4
{[%clk 0:59:06]} Rfe8 {[%clk 1:22:43]} 13. Bf3 {[%clk 0:57:00]} d5
{[%clk 1:21:06]} 14. cxd5 {[%clk 0:50:33]} exd5 {[%clk 1:17:49]} 15. e4
{[%clk 0:38:57]} Qxf4 {[%clk 1:11:21]} 16. Nxd5 {[%clk 0:36:26]} Nxd5
{[%clk 1:11:04]} 17. exd5 {[%clk 0:35:55]} Qe3+ {[%clk 1:05:43]} 18. Kh1
{[%clk 0:33:36]} Qh6 {[%clk 0:51:47]} 19. Nc4 {[%clk 0:30:01]} Bd6
{[%clk 0:36:07]} 20. Nxd6 {[%clk 0:29:27]} Qxd6 {[%clk 0:35:02]} 21. Be4
{[%clk 0:26:38]} Re7 {[%clk 0:19:52]} 22. Qh5 {[%clk 0:13:03]} Nf8
{[%clk 0:19:37]} 23. Qg5 {[%clk 0:10:02]} Ng6 {[%clk 0:18:57]} 24. h4
{[%clk 0:08:45]} f6 {[%clk 0:08:42]} 25. Qf5 {[%clk 0:07:19]} Rf8
{[%clk 0:07:32]} 26. h5 {[%clk 0:06:57]} Bc8 {[%clk 0:07:56]} 27. Qf2
{[%clk 0:05:44]} Ne5 {[%clk 0:08:10]} 28. Bxe5 {[%clk 0:05:29]} Rxe5
{[%clk 0:07:32]} 29. Qg3 {[%clk 0:05:50]} Rxh5+ {[%clk 0:07:33]} 0-1

[Event "Ïåðâåíñòâî Ìîñêâû ïî øàõìàòàì 2015 ñðåäè ìàëü÷èêîâ (Ì19)"]
[Site "Moscow"]
[Date "2015.11.16"]
[Round "5.10"]
[White "Ãàðàíèí, Äàíèèë"]
[Black "Êàòâàëÿí, Àâåòèê"]
[Result "0-1"]
[WhiteElo "1659"]
[BlackElo "1829"]
[PlyCount "0"]
[EventDate "2015.11.12"]

1. c4 e5 2. g3 Nf6 3. Bg2 c6 4. d3 d5 5. b3 Bc5 6. Nf3 O-O 7. O-O Re8 8. e3 Bg4
9. Qd2 Qe7 10. Bb2 Nbd7 11. a3 e4 12. Nd4 Ne5 13. dxe4 dxe4 14. h3 Bxh3 15. Bxh3
Bxd4 16. Qc2 Bxb2 17. Qxb2 Nf3+ 18. Kh1 Rad8 19. Qe2 Qe5 20. Ra2 Qh5 21. Kg2 g5
22. g4 Nxg4 23. Rh1 f5 24. Nd2 Rd3 25. Nxf3 exf3+ 26. Qxf3 Nxe3+ 27. fxe3 Qxf3+
28. Kxf3 Rexe3+ 29. Kg2 g4 30. Bxg4 fxg4 31. Rh4 Rg3+ 32. Kf1 Rxb3 33. Rah2 Rgf3+
34. Ke2 Rf7 35. a4 b6 36. Rh1 Re7+ 37. Kf2 Rf3+ 38. Kg2 Re2+ 39. Kg1 Ra3 40.
Rxg4+ Kh8 41. Rg2 Ra1+ 42. Kh2 Rxg2+ 43. Kxg2 Rxh1 44. Kxh1 Kg7 0-1

[Event "Ïåðâåíñòâî Ìîñêâû ïî øàõìàòàì 2015 ñðåäè ìàëü÷èêîâ (Ì19)"]
[Site "Moscow"]
[Date "2015.11.17"]
[Round "6.1"]
[White "Òàðàñîâ, Àëåêñàíäð"]
[Black "Åëåöêèé, Èâàí"]
[Result "1-0"]
[WhiteElo "2286"]
[BlackElo "2365"]
[PlyCount "0"]
[EventDate "2015.11.12"]

1. Nf3 {[%clk 1:29:06]} d5 {[%clk 1:30:09]} 2. d4 {[%clk 1:28:59]} Nf6
{[%clk 1:30:29]} 3. c4 {[%clk 1:28:51]} c6 {[%clk 1:29:59]} 4. Nc3
{[%clk 1:28:31]} e6 {[%clk 1:29:46]} 5. Bg5 {[%clk 1:23:55]} h6 {[%clk 1:30:12]}
6. Bxf6 {[%clk 1:24:12]} Qxf6 {[%clk 1:30:38]} 7. e3 {[%clk 1:22:58]} Nd7
{[%clk 1:30:54]} 8. Bd3 {[%clk 1:17:23]} g6 {[%clk 1:27:17]} 9. O-O
{[%clk 1:16:24]} Bg7 {[%clk 1:27:38]} 10. e4 {[%clk 1:11:14]} dxc4 11. e5
{[%clk 1:09:46]} Qe7 {[%clk 1:26:42]} 12. Bxc4 {[%clk 1:10:07]} O-O
{[%clk 1:27:08]} 13. Re1 {[%clk 1:01:50]} b6 {[%clk 1:16:40]} 14. Qe2
{[%clk 0:58:35]} Rb8 {[%clk 1:10:37]} 15. Ba6 {[%clk 0:40:00]} Rd8
{[%clk 1:08:24]} 16. Rad1 {[%clk 0:30:29]} b5 {[%clk 1:00:49]} 17. Bxc8
{[%clk 0:30:32]} Rdxc8 {[%clk 1:01:04]} 18. Rc1 {[%clk 0:23:11]} a6
{[%clk 0:55:48]} 19. Ne4 {[%clk 0:23:09]} c5 {[%clk 0:54:36]} 20. Nd6
{[%clk 0:20:44]} Rc6 {[%clk 0:50:42]} 21. Rc2 {[%clk 0:14:29]} c4
{[%clk 0:49:24]} 22. Rec1 {[%clk 0:12:16]} Nb6 {[%clk 0:47:57]} 23. b3
{[%clk 0:12:02]} Qc7 {[%clk 0:46:34]} 24. bxc4 {[%clk 0:09:53]} bxc4
{[%clk 0:46:05]} 25. Nd2 {[%clk 0:06:13]} c3 {[%clk 0:44:42]} 26. N2e4
{[%clk 0:02:36]} Nd5 {[%clk 0:45:01]} 27. h3 {[%clk 0:01:50]} Rb2
{[%clk 0:43:17]} 28. Qf3 {[%clk 0:01:48]} Bf8 {[%clk 0:37:15]} 29. Ne8
{[%clk 0:01:17]} Rxc2 {[%clk 0:35:59]} 30. Rxc2 {[%clk 0:01:30]} Qd8
{[%clk 0:32:55]} 31. N4f6+ {[%clk 0:00:37]} Kh8 {[%clk 0:33:13]} 32. Nxd5
{[%clk 0:00:48]} Qxe8 {[%clk 0:33:18]} 33. Nf6 {[%clk 0:00:38]} Qc8
{[%clk 0:32:17]} 34. Ne4 {[%clk 0:01:00]} Qb7 {[%clk 0:30:31]} 35. Rxc3
{[%clk 0:00:39]} Rxc3 {[%clk 0:30:42]} 36. Nxc3 {[%clk 0:01:08]} Qc7
{[%clk 0:29:43]} 37. g3 {[%clk 0:00:42]} Kg8 {[%clk 0:29:55]} 38. Qd3
{[%clk 0:00:35]} Be7 {[%clk 0:29:58]} 39. Kg2 {[%clk 0:00:55]} Qc6+
{[%clk 0:30:13]} 40. d5 {[%clk 0:01:02]} exd5 {[%clk 0:29:49]} 41. Nxd5
{[%clk 0:01:31]} Kg7 {[%clk 0:29:47]} 42. Qe4 {[%clk 0:01:25]} Bd8
{[%clk 0:30:00]} 43. Kf3 {[%clk 0:00:56]} h5 {[%clk 0:28:31]} 44. a4
{[%clk 0:01:11]} Bg5 {[%clk 0:27:50]} 45. h4 {[%clk 0:00:59]} Bd8
{[%clk 0:28:09]} 46. Nf4 {[%clk 0:01:18]} Qc3+ {[%clk 0:27:10]} 47. Kg2
{[%clk 0:01:33]} Bb6 {[%clk 0:27:13]} 48. e6 {[%clk 0:01:11]} Qb2
{[%clk 0:27:39]} 49. Nd3 {[%clk 0:00:55]} Qc2 {[%clk 0:27:35]} 50. e7
{[%clk 0:01:07]} Bxf2 {[%clk 0:27:30]} 51. Nxf2 {[%clk 0:01:24]} 1-0